00434nam a2200193Ia 4500003000900000008004100009040001300050040001300063041000800076100002100084245004700105250001100152260000800163260000900171300001100180300001200191490003000203490000700233IT-RoPAU120407s9999 xx 000 0 und d aIT-RoPAU cIT-RoPAU afra aStanislas Breton aPassion (la) du Christ et les Philosophies aTeramo aEco c1954 a140 p. c24,5 cm aTesti e Studi Passionisti v12